[Event "SN-2015-0-00698"]
[White "Trebichalsky, Rastislav"]
[Black "Mori, Roberto"]
[Site "LSS email"]
[Round "?"]
[Result "0-1"]
[Date "2015.08.31"]
[WhiteElo "530"]
[BlackElo "457"]
[PlyCount "46"]
[EventDate "2015.08.10"]
[EventType "tourn (corr)"]
[EventRounds "6"]
[EventCountry "GER"]
[SourceTitle "Corr 2022"]
[Source "ChessBase"]
[SourceDate "2021.10.24"]
[SourceVersion "1"]
[SourceVersionDate "2021.10.24"]
[SourceQuality "1"]

1. e4 e5 2. Bc4 Nf6 3. d3 Bc5 4. Bg5 h6 5. Bxf6 Qxf6 6. Nf3 d6 7. Qe2 Bg4 8. h3 Be6 9. Nbd2 0-0 10. 0-0-0 Nc6 11. g4 Bxc4 12. Nxc4 Nd4 13. Nxd4 Bxd4 14. Rh2 Qf4+ 15. Ne3 Qxh2 16. c3 Bxe3+ 17. Qxe3 Qf4 18. Kc2 Qxe3 19. fxe3 a5 20. d4 exd4 21. exd4 Rfe8 22. Re1 d5 23. Kd3 dxe4+ 0-1

[Event "ZN-2015-0-03131"]
[White "Alonso Higelmo, Maria Isabel"]
[Black "Trebichalsky, Rastislav"]
[Site "LSS email"]
[Round "?"]
[Result "1-0"]
[Date "2015.08.25"]
[WhiteElo "800"]
[BlackElo "530"]
[PlyCount "41"]
[EventDate "2015.08.10"]
[EventType "match (corr)"]
[EventRounds "2"]
[EventCountry "GER"]
[SourceTitle "Corr 2022"]
[Source "ChessBase"]
[SourceDate "2021.10.24"]
[SourceVersion "1"]
[SourceVersionDate "2021.10.24"]
[SourceQuality "1"]

1. e4 e5 2. Nf3 d6 3. d4 exd4 4. Nxd4 Bd7 5. Bc4 h6 6. Qd3 Nf6 7. Nc3 Nc6 8. 0-0 Nxd4 9. Qxd4 Qe7 10. Re1 c5 11. Qd3 Be6 12. Nd5 Bxd5 13. Bxd5 0-0-0 14. Bf4 Nxd5 15. exd5 Qf6 16. Be3 Qxb2 17. Rab1 Qxa2 18. Ra1 Qb2 19. Reb1 Qe5 20. Rxa7 Rd7 21. Ra8+ 1-0

[Event "ZN-2015-0-03129"]
[White "Cherry, Brian"]
[Black "Trebichalsky, Rastislav"]
[Site "LSS email"]
[Round "?"]
[Result "1-0"]
[Date "2015.08.21"]
[WhiteElo "532"]
[BlackElo "530"]
[PlyCount "41"]
[EventDate "2015.08.05"]
[EventType "match (corr)"]
[EventRounds "2"]
[EventCountry "GER"]
[SourceTitle "Corr 2022"]
[Source "ChessBase"]
[SourceDate "2021.10.24"]
[SourceVersion "1"]
[SourceVersionDate "2021.10.24"]
[SourceQuality "1"]

1. e4 e5 2. Nf3 d6 3. Nc3 Bg4 4. Be2 Bxf3 5. Bxf3 h6 6. d3 Nf6 7. Be3 Nc6 8. 0-0 Qd7 9. Re1 0-0-0 10. Nb5 a6 11. Nc3 g5 12. Nd5 Bg7 13. Nxf6 Bxf6 14. Bg4 Nd4 15. Bxd7+ Rxd7 16. c3 Ne6 17. b4 h5 18. Qf3 Bd8 19. g3 g4 20. Qd1 h4 21. Qxg4 1-0

[Event "OP-2015-0-03783"]
[White "Kovsky, Davor"]
[Black "Trebichalsky, Rastislav"]
[Site "LSS email"]
[Round "?"]
[Result "1-0"]
[Date "2015.08.07"]
[WhiteElo "800"]
[BlackElo "524"]
[PlyCount "43"]
[EventDate "2015.07.29"]
[EventType "tourn (corr)"]
[EventRounds "4"]
[EventCountry "GER"]
[SourceTitle "Corr 2022"]
[Source "ChessBase"]
[SourceDate "2021.10.24"]
[SourceVersion "1"]
[SourceVersionDate "2021.10.24"]
[SourceQuality "1"]

1. d4 d5 2. c4 dxc4 3. Nf3 e6 4. Qa4+ Nc6 5. Qxc4 Bb4+ 6. Nc3 Bxc3+ 7. bxc3 Bd7 8. Ba3 Nge7 9. e4 Na5 10. Qb4 Nec6 11. Qb1 b6 12. Be2 Ne7 13. Ne5 Nec6 14. Nxd7 Qxd7 15. Qd3 a6 16. Bg4 Ne7 17. 0-0 0-0-0 18. Qxa6+ Kb8 19. Bxe7 Qxe7 20. Rab1 Qd7 21. Qxa5 h5 22. Bf3 1-0

[Event "OP-2015-0-03783"]
[White "Trebichalsky, Rastislav"]
[Black "Vontina, Maria"]
[Site "LSS email"]
[Round "?"]
[Result "0-1"]
[Date "2015.08.07"]
[WhiteElo "524"]
[BlackElo "835"]
[PlyCount "46"]
[EventDate "2015.07.29"]
[EventType "tourn (corr)"]
[EventRounds "4"]
[EventCountry "GER"]
[SourceTitle "Corr 2022"]
[Source "ChessBase"]
[SourceDate "2021.10.24"]
[SourceVersion "1"]
[SourceVersionDate "2021.10.24"]
[SourceQuality "1"]

1. e4 e6 2. d4 d5 3. exd5 exd5 4. Bb5+ c6 5. Bd3 Nf6 6. Bg5 Be7 7. Bxf6 Bxf6 8. c3 0-0 9. h3 Re8+ 10. Ne2 Qd6 11. Qc2 g6 12. Nd2 Nd7 13. 0-0-0 Nf8 14. f4 Bd7 15. g4 b5 16. g5 Bg7 17. h4 Bg4 18. Rdf1 Bxe2 19. Bxe2 Rxe2 20. Re1 Rxe1+ 21. Rxe1 Qxf4 22. Rh1 Re8 23. b3 Re2 0-1

[Event "SN-2015-0-00687"]
[White "Trebichalsky, Rastislav"]
[Black "Kaupat, Lothar"]
[Site "LSS email"]
[Round "?"]
[Result "1-0"]
[Date "2015.07.06"]
[WhiteElo "546"]
[BlackElo "881"]
[PlyCount "23"]
[EventDate "2015.06.12"]
[EventType "tourn (corr)"]
[EventRounds "6"]
[EventCountry "GER"]
[SourceTitle "Corr 2022"]
[Source "ChessBase"]
[SourceDate "2021.10.24"]
[SourceVersion "1"]
[SourceVersionDate "2021.10.24"]
[SourceQuality "1"]

1. e4 c5 2. Nc3 Nc6 3. Bc4 e6 4. Nf3 a6 5. d3 d6 6. Qe2 Nd4 7. Nxd4 cxd4 8. Nd1 Nf6 9. Bg5 Be7 10. Bxf6 Bxf6 11. f4 0-0 12. Nf2 1-0